Water; a primer (Record no. 64851)
[ view plain ]
| 000 -LEADER | |
|---|---|
| fixed length control field | 00849cam8a220024100 4500 |
| 001 - CONTROL NUMBER | |
| control field | lce00868012 |
| 008 - FIXED-LENGTH DATA ELEMENTS--GENERAL INFORMATION | |
| fixed length control field | 731109s1974 caua 001 0 eng |
| 010 ## - LIBRARY OF CONGRESS CONTROL NUMBER | |
| LC control number | 73019844 |
| 020 ## - INTERNATIONAL STANDARD BOOK NUMBER | |
| International Standard Book Number | 0716702649 |
| -- | 0716702630 (pbk.) |
| 035 ## - SYSTEM CONTROL NUMBER | |
| System control number | (Sirsi) r90049 |
| 035 ## - SYSTEM CONTROL NUMBER | |
| System control number | (DLC) 73019844 |
| 035 ## - SYSTEM CONTROL NUMBER | |
| System control number | (UPRA)lce00868012 |
| 050 0# - LIBRARY OF CONGRESS CALL NUMBER | |
| Classification number | GB671 |
| Item number | .L39 1974 |
| 082 ## - DEWEY DECIMAL CLASSIFICATION NUMBER | |
| Classification number | 551.4/8 |
| 100 1# - MAIN ENTRY--PERSONAL NAME | |
| Personal name | Leopold, Luna Bergere, 1915- |
| Dates associated with a name | Leopold, Luna Bergere, 1915- |
| Linkage | A18830.1 |
| 245 10 - TITLE STATEMENT | |
| Title | Water; a primer |
| Statement of responsibility, etc. | [by] Luna B. Leopold. |
| 260 ## - PUBLICATION, DISTRIBUTION, ETC. | |
| Place of publication, distribution, etc. | San Francisco, |
| Name of publisher, distributor, etc. | W. H. Freeman |
| Date of publication, distribution, etc. | [1974] |
| 490 0# - SERIES STATEMENT | |
| Series statement | A Series of books in geology |
| Linkage | S21870.2 |
| 500 ## - GENERAL NOTE | |
| General note | An expansion of the work, A primer on water, published in 1960, prepared by the author and W. B. Langbein. |
| 650 #0 - SUBJECT ADDED ENTRY--TOPICAL TERM | |
| Topical term or geographic name entry element | Water. |
| Linkage | S11195.1 |
| 949 ## - LOCAL PROCESSING INFORMATION (OCLC) | |
| a | GB671 |
| w | lcc |
| i | 33729005233817 |
| m | MAIN |
| t | BOOK |
| l | ON-SHELF |
No items available.